|
|
|
|
| LEADER |
00000nab a2200000 a 4500 |
| 001 |
vtls010734220 |
| 003 |
SK-MaSNL |
| 005 |
20260304194854.0 |
| 008 |
250709s2002 xo |||||||||||||||||slo| |
| 035 |
|
|
|a (urnnbn)urn:nbn:sk:snk:ar-a05dqm
|
| 035 |
|
|
|a (uuid)3acc76c8-d4b8-4039-9f7c-868143228729
|
| 035 |
|
|
|a urn:nbn:sk:snk-ab3w4p
|
| 040 |
|
|
|a SNKBUCL
|b slo
|c SNKBUCL
|e AACR2
|
| 041 |
0 |
|
|a slo
|
| 044 |
|
|
|a xo
|c SK
|
| 100 |
1 |
|
|a Drobný, Martin
|4 aut
|9 274739
|
| 245 |
1 |
0 |
|a PC budúcnosti
|c Martin Drobný
|
| 773 |
0 |
|
|t PC revue : sprievodca digitálnym svetom
|g Roč. 10, č. 5 (2002), s. 18-19
|
| 850 |
|
|
|a Slovenská národná knižnica
|
| 852 |
|
|
|a Slovenská národná knižnica
|
| 954 |
|
|
|a odborná, vedecká literatúra pôvodná (slovenská)
|2 lita
|
| 958 |
|
|
|a article1
|
| 958 |
|
|
|a OND
|
| 958 |
|
|
|a EUIPO
|
| 999 |
|
|
|c 3077458
|d 3079388
|